Truyền nhiệt trong công nghệ môi trường
Giáo trình được biên soạn phù hợp với nội dung môn học cùng tên trong chương trình khung được Bộ Giáo dục và Đào tạo thông qua cho ngành kỹ thuật môi trường.
Bewaard in:
| Hoofdauteur: | |
|---|---|
| Formaat: | Boek |
| Taal: | Undetermined |
| Gepubliceerd in: |
Hà Nội
Khoa học và Kỹ thuật
2006
|
| Onderwerpen: | |
| Tags: |
Voeg label toe
Geen labels, Wees de eerste die dit record labelt!
|
| Thư viện lưu trữ: | Trung tâm Học liệu Trường Đại học Cần Thơ |
|---|
| LEADER | 00852nam a2200217Ia 4500 | ||
|---|---|---|---|
| 001 | CTU_129248 | ||
| 008 | 210402s9999 xx 000 0 und d | ||
| 020 | |c 39000 | ||
| 082 | |a 621.4022 | ||
| 082 | |b L121 | ||
| 100 | |a Nguyễn, Ngọc Lân | ||
| 245 | 0 | |a Truyền nhiệt trong công nghệ môi trường | |
| 245 | 0 | |c Nguyễn Ngọc Lân | |
| 260 | |a Hà Nội | ||
| 260 | |b Khoa học và Kỹ thuật | ||
| 260 | |c 2006 | ||
| 520 | |a Giáo trình được biên soạn phù hợp với nội dung môn học cùng tên trong chương trình khung được Bộ Giáo dục và Đào tạo thông qua cho ngành kỹ thuật môi trường. | ||
| 650 | |a Heat,Mass | ||
| 650 | |x Transmission.,Trasnfer | ||
| 904 | |i Minh | ||
| 980 | |a Trung tâm Học liệu Trường Đại học Cần Thơ | ||